000 00963aab a2200193 i 4500
001 768714001
003 CO-MdFUSB
005 20240409073200.0
008 240320b |||||||| |||| 00| 0 eng d
040 _bspa
_cCO-MdFUSB
041 _aspa
100 1 _aSaavedra, Néstor
_eautor
245 1 0 _aÉtica ecológica y mayordomía de la creación
_c/ Néstor Saavedra
300 _aVolumen 9, número 4 (diciembre, 1990), páginas: 6 -12
_c; 27 cm
520 _aEn este artículo se trabaja el concepto de ecología y lo que el hombre hace como responsable del cuidado de lo que Dios ha creado, también se informa sobre la teología ecológica. El hombre es un mayordomo a quien Dios confía toda la creación. Debe usarla, ejercer señorío sobre ella y rendir a Dios cuenta de lo que ha recibido.
650 7 _aEcología
_97099
773 0 _tIglesia y Misión
_049402
_959664
_gVolumen 9, número 4 (diciembre, 1990), páginas: 6 - 12
_qpágina: 6
942 _cANA
999 _c51897
_d51897